Donald Trump's List of Preferred Debate Moderators - Statistics

General Stats
  • This quiz has been taken 14 times
  • The average score is 5 of 24
Answer Stats
hint moderator % Correct
Fox News chief political reporter Bret {Baier}
92%
Fox News anchor of Outnumbered Overtime with Harris ------ Harris {Faulkner}
50%
Fox News host of Mornings with Maria Maria {Bartiromo}
42%
CBS Evening News anchor and 60 Minutes correspendent Norah {O'Donnell}
42%
Richard Nixon Foundation CEO, talk show host and political commentator Hugh {Hewitt}
33%
Talk show host of The Larry _____ Show Larry {Elder}
33%
CBS News chief Washington correspondent Major {Garrett}
33%
Host of Fox News @ Night Shannon {Bream}
33%
Fox News chief anchor Bill {Hemmer}
25%
Fox Business Network contributor Charles {Payne}
25%
ABC News World News Tonight anchor David {Muir}
25%
NBC News co-anchor of Today show Hoda {Kotb}
25%
Fox Business Network journalist Susan {Li}
17%
Fox Business Network anchor and analyst Dagen {McDowell}
8%
Fox News business commentator Gerry {Baker}
8%
CNBC Business News network editor Rick {Santelli}
8%
Political commentator for the newspaper The Hill Saagar {Enjeti}
8%
Univision Miami chief anchor Ambrosio {Hernandez}
0%
Christian Broadcasting Network chief political analyst David {Brody}
0%
CNBC news anchor and co-host of Squawk Box Joe {Kernen}
0%
Bloomberg Television chief political correspondent Kevin {Cirilli}
0%
New York Post and Fox News journalist Michael {Goodwin}
0%
Fox News political contributor Rachel {Campos-Duffy}
0%
ABC News World News Tonight anchor Tom {Llamas}
0%
No matching quizzes found
Score Distribution
Percent of People with Each Score
Percentile by Number Answered
Your Score History
You have not taken this quiz